00436nam a2200157Ia 4500008004100000020001500041082001600056100002400072245001300096250000800109260004000117300003100157500001900188600002100207650005000228240925s9999 xx 000 0 und d a8176560405 a005.133 KAN aKanetkar, Yashavant 0aLet Us C a3rd aNew Delhi:bBPB Publicationc,2002. axxviii,627p.bNAfOriginal aIncludes Index aComputer Science aComputer science, information & general works